书目信息 |
| 题名: |
关于波兰问题的历史
|
|
| 作者: | ;马克思 著 ;中共中央马克思恩格斯列宁斯大林著作编译局 译 | |
| 分册: | ||
| 出版信息: | 北京 人民出版社 1979 |
|
| 页数: | 301页 | |
| 开本: | 19cm | |
| 丛书名: | ||
| 单 册: | ||
| 中图分类: | A122 | |
| 科图分类: | ||
| 主题词: | 马克思著作--单行本--1863~1864 | |
| 电子资源: | ||
| ISBN: | ||
| 000 | 00783nam0 2200229 45 | |
| 001 | 0179003602 | |
| 005 | 20060727090707.21 | |
| 010 | @dCNY0.64 | |
| 091 | @aCN@b1001.1139 | |
| 100 | @a19950714d1979 em y0chiy0121 ea | |
| 101 | 0 | @achi |
| 102 | @aCN@b110000 | |
| 105 | @ay z 000yy | |
| 200 | 10 | @a关于波兰问题的历史@Aguan yu bo lan wen ti de li shi@e1863-1864年手稿@f马克思著@g中共中央马克思恩格斯列宁斯大林著作编译局译 |
| 210 | @a北京@c人民出版社@d1979 | |
| 215 | @a301页@d19cm | |
| 606 | @a马克思著作@x单行本@z1863~1864 | |
| 690 | @aA122@v3 | |
| 711 | 02 | @a马克思@Ama ke si@4著 |
| 712 | 02 | @a中共中央马克思恩格斯列宁斯大林著作编译局@Azhong gong zhong yang ma ke si enge si lie ning si da lin zhu zuo bian yi ju@4译 |
| 801 | 0 | @aCN@bTSSF@c20060727 |
| 905 | @a10447@dA122@e33 | |
| 关于波兰问题的历史:1863-1864年手稿/马克思著/中共中央马克思恩格斯列宁斯大林著作编译局译.-北京:人民出版社,1979 |
| 301页;19cm |
| ISBN :CNY0.64 |
| ● |
| 相关链接 |
|
|
|
|
正题名:关于波兰问题的历史
索取号:A122/33
 
预约/预借
| 序号 | 登录号 | 条形码 | 馆藏地/架位号 | 状态 | 备注 |
| 1 | 0426695 | 204266953 | 密集书库/ [索取号:A122/33] | 在馆 | |
| 2 | 0439881 | 204398810 | 密集书库/ [索取号:A122/33] | 在馆 |